000 00495nam a22001697i 4500
001 2424
003 OSt
005 20170126082306.0
007 tu
008 161220s1985 xxu||||| |||| 00| 0 d
024 7 _a2423
_2RID
040 _cOSt
100 1 _aRichter, J.
245 0 0 _aSimulationen mit dem Input-Output Modell Austria III. Annahme-Variante 033, 034. (Szenarien der österreichischen Wirtschaft bis 1990)
260 _aWien :
_bBundeskammer der gewerblichen Wirtschaft,
_c1985.
300 _c30cm
942 _cB
999 _c2403
_d2403